MARC details
| 000 -CABECERA |
| campo de control de longitud fija |
01145nam a2200289 u 4500 |
| 001 - NÚMERO DE CONTROL |
| campo de control |
000020352 |
| 005 - FECHA Y HORA DE LA ÚLTIMA TRANSACCIÓN |
| campo de control |
20200929170359.0 |
| 008 - DATOS DE LONGITUD FIJA--INFORMACIÓN GENERAL |
| campo de control de longitud fija |
100813s2015 dr 000 0 spa d |
| 020 ## - NÚMERO INTERNACIONAL ESTÁNDAR DEL LIBRO |
| Número Internacional Estándar del Libro |
9789945471960 |
| 040 ## - FUENTE DE LA CATALOGACIÓN |
| Centro catalogador/agencia de origen |
DO-SdBNP |
| Lengua de catalogación |
spa |
| Centro/agencia transcriptor |
BNPHU |
| 041 17 - CÓDIGO DE LENGUA |
| Código de lengua del texto/banda sonora o título independiente |
spa |
| Código de lengua original |
eng |
| 082 ## - NÚMERO DE LA CLASIFICACIÓN DECIMAL DEWEY |
| Número de clasificación |
770 |
| Número de documento/Ítem |
B333t |
| 100 1# - ENTRADA PRINCIPAL--NOMBRE DE PERSONA |
| Nombre de persona |
Batista, Domingo, |
| Fechas asociadas al nombre |
1946- |
| 9 (RLIN) |
43004 |
| 245 10 - MENCIÓN DE TÍTULO |
| Título |
Transfiguraciones = |
| Resto del título |
transfigurations / |
| Mención de responsabilidad, etc. |
Fotografías Domingo Batista, textos Yannette Miller ... [et al.]; edición Fulgencio Morel Ochoa (Yeyo) ; asistencia fotográfica Félix Sepúlveda; traducción Francia A. de Batista. |
| 246 31 - FORMA VARIANTE DE TÍTULO |
| Título propio/Titulo breve |
Transfigurations |
| 260 ## - PUBLICACIÓN, DISTRIBUCIÓN, ETC. |
| Lugar de publicación, distribución, etc. |
Santiago, República Dominicana : |
| Nombre del editor, distribuidor, etc. |
Amigo del Hogar, |
| Fecha de publicación, distribución, etc. |
2015. |
| 300 ## - DESCRIPCIÓN FÍSICA |
| Extensión |
201 p. : |
| Otras características físicas |
il., fotografías ; |
| Dimensiones |
31 cm. |
| 500 ## - NOTA GENERAL |
| Nota general |
Texto en inglés y español |
| 590 ## - NOTA LOCAL (RLIN) |
| Nota local |
Inventariado, 2018/LP |
| 650 #4 - PUNTO DE ACCESO ADICIONAL DE MATERIA--TÉRMINO DE MATERIA |
| Término de materia o nombre geográfico como elemento de entrada |
Fotografía artistíca |
| 9 (RLIN) |
43005 |
| 650 #4 - PUNTO DE ACCESO ADICIONAL DE MATERIA--TÉRMINO DE MATERIA |
| Término de materia o nombre geográfico como elemento de entrada |
Arte dominicano |
| 9 (RLIN) |
37843 |
| 700 12 - PUNTO DE ACCESO ADICIONAL--NOMBRE DE PERSONA |
| Nombre de persona |
Miller, Yannette |
| 9 (RLIN) |
43006 |
| 700 12 - PUNTO DE ACCESO ADICIONAL--NOMBRE DE PERSONA |
| Nombre de persona |
Morel Ochoa, Fulgencio (Yeyo), |
| Término indicativo de función/relación |
ed. |
| 9 (RLIN) |
43007 |
| 700 12 - PUNTO DE ACCESO ADICIONAL--NOMBRE DE PERSONA |
| Nombre de persona |
Batista, Francia A. de, |
| Término indicativo de función/relación |
traductor |
| 9 (RLIN) |
43008 |
| 700 12 - PUNTO DE ACCESO ADICIONAL--NOMBRE DE PERSONA |
| Nombre de persona |
Sepúlveda, Félix |
| 9 (RLIN) |
43009 |
| 910 ## - DATOS DE OPCIÓN DEL USUARIO (OCLC) |
| Datos de opción del usuario |
Validado. Control de calidad MFF |